Sdílené prostory a sousedská blízkost jako důvody pro výběr nového bydlení
Kľúčová úloha rezidenčných preferencií pri vytváraní kvalitných bytových politík a koncepcií rozvoja miest. Význam rozvoja komunitných foriem bývania v Česku. Vysvetlenie pojmov Cohousing a Baugruppe. Cohousing ako inšpirácia pre rozvoj komunitného bývania a jeho atraktivita pre mladé rodiny.
Gespeichert in:
| 1. Verfasser: | |
|---|---|
| Weitere Verfasser: | |
| Format: | Buchkapitel |
| Sprache: | Tschechisch |
| Schlagworte: | |
| Tags: |
Keine Tags, Fügen Sie das erste Tag hinzu!
|
MARC
| LEADER | 00000naa a2200000 4500 | ||
|---|---|---|---|
| 001 | 0278387 | ||
| 005 | 20210909075907.5 | ||
| 041 | 0 | |a cze | |
| 044 | |a CZ | ||
| 245 | 1 | 0 | |a Sdílené prostory a sousedská blízkost jako důvody pro výběr nového bydlení |c Marie Horňáková, Jana Jíchová |
| 520 | |a Kľúčová úloha rezidenčných preferencií pri vytváraní kvalitných bytových politík a koncepcií rozvoja miest. Význam rozvoja komunitných foriem bývania v Česku. Vysvetlenie pojmov Cohousing a Baugruppe. Cohousing ako inšpirácia pre rozvoj komunitného bývania a jeho atraktivita pre mladé rodiny. | ||
| 610 | 2 | 0 | |a bývanie |
| 610 | 2 | 0 | |a politika bytová |
| 610 | 2 | 0 | |a mestá |
| 610 | 2 | 0 | |a komunity |
| 610 | 2 | 0 | |a Česko |
| 100 | 1 | |a Horňáková, Marie | |
| 700 | 1 | |a Jíchová, Jana | |